000 00241nam a22001097a 4500
003 OSt
008 231115b |||||||| |||| 00| 0 eng d
041 _amal
100 _aKarunakaran, Kambissery
_95639
245 _aAndyadarsanam /
942 _cBK
999 _c17866
_d17866